Elementa philosophiae. Aristotelico-Thomisticae
Uloženo v:
| Hlavní autor: | |
|---|---|
| Médium: | Kniha |
| Jazyk: | latina |
| Vydáno: |
Barcelona
Herder
1951
|
| Témata: | |
| Tagy: |
Přidat tag
Žádné tagy, Buďte první, kdo vytvoří štítek k tomuto záznamu!
|
MARC
| LEADER | 00000nam a2200000 a 4500 | ||
|---|---|---|---|
| 001 | UCZ5176 | ||
| 003 | CL-VaPUC | ||
| 008 | 951117e19510000SP |||||||||||||||||lat|d | ||
| 082 | 0 | 4 | |a 160 |b GRE |2 21 |
| 100 | |a Gredt, Iosepho |e author |9 349132 | ||
| 245 | 1 | 0 | |a Elementa philosophiae. Aristotelico-Thomisticae |
| 300 | |a v | ||
| 942 | |c BK | ||
| 945 | |d 19951117 00:00:00 |a cmena | ||
| 260 | |a Barcelona |b Herder |c 1951 | ||
| 500 | |a v.1: Logica, philosophia naturalis | ||
| 500 | |a v.2: Metaphysica, etica | ||
| 600 | 0 | |a Aristóteles, |d 384 a.C.- 322 a.C. |9 194 | |
| 600 | 0 | |a Tomás de Aquino |d 1220-1274 |c Santo |9 255832 | |
| 650 | 0 | |a Lógica |9 256849 | |
| 650 | 0 | |a Racionalismo |9 259116 | |
| 650 | 0 | |a Razón |9 314475 | |
| 650 | 0 | |a Filosofía de las ciencias |9 256466 | |
| 650 | 0 | |a Filosofía de la naturaleza |9 265899 | |
| 650 | 0 | |a Metafísica |9 265649 | |
| 650 | 0 | |a Conceptos morales |9 310606 | |
| 650 | 0 | |a Ética |9 255099 | |
| 583 | |a last modification |c 19951117 00:00:00 |k Rodrigo Vera | ||
| 999 | |c 241498 |d 241496 | ||
| 952 | |0 0 |1 0 |4 0 |6 160_000000000000000_GRE_1951 |7 0 |8 P |9 253831 |a BIBEDU |b BIBEDU |c BIBEDU_PB |d 2019-11-19 |h v.1 |i 1572407 |l 5 |o 160 GRE 1951 |p 1572407 |r 2025-03-04 |s 2025-01-21 |w 2019-11-19 |y BK |k FIL | ||
| 952 | |0 0 |1 0 |4 0 |6 160_000000000000000_GRE_1951 |7 0 |8 P |9 253832 |a BIBEDU |b BIBEDU |c BIBEDU_PB |d 2019-11-19 |h v.2 |i 1572423 |l 6 |m 2 |o 160 GRE 1951 |p 1572423 |r 2025-03-04 |s 2025-01-21 |w 2019-11-19 |y BK |k FIL | ||